|
|
|
|
| LEADER |
00000cam a2200000 i 4500 |
| 001 |
1/11833 |
| 008 |
000915s1987 vp ||| | fre|| |
| 035 |
|
|
|l 10063978
|
| 040 |
|
|
|a GR-MyUA
|b gre
|e AACR2
|
| 041 |
0 |
|
|a fre
|
| 082 |
0 |
|
|a 500.71
|
| 245 |
1 |
0 |
|a Modele particulaire et activites de modelisation en classe de 4eme /
|c Madeleine Barboux...[et al.]
|
| 260 |
|
|
|a [s.l.] :
|b [s.n.],
|c 1987.
|
| 300 |
|
|
|a 175 σ. ;
|c 30 εκ.
|
| 500 |
|
|
|a Rapport de fin de recherche no 1.09.84.87, Decembre 1987.
|
| 500 |
|
|
|a "I.N.R.P. - D.P.1, L.I.R.E.S.P.T. - U.A. 663"
|
| 650 |
0 |
0 |
|a Science
|x Study and teaching.
|
| 700 |
1 |
|
|a Barboux, Madeleine,
|e com
|
| 852 |
|
|
|a INST
|b RHODES
|e 20000915
|h 500.71 MOD
|p 005400008690
|q 005400008690
|t BK
|y 0
|
| 909 |
|
|
|a Ρ
|b 022815
|
| 922 |
|
|
|a 4ΕΛΗ
|b 199202
|
| 970 |
|
|
|z 2000/09/ΧΡΥΣΑΝΘΗ
|